000
00263nam a2200097Ia 4500
082
_a
400 WORL
245
0
_a
The World's major languages
100
_a
Comrie Bernard London, 2009 2nd ed
_9
76044
942
_c
BK
008
210817s9999 xx 000 0 und d
999
_c
252172
_d
252171